| 000 | 00608cam a2200193 a 4500 | ||
|---|---|---|---|
| 001 | 000002582 | ||
| 005 | 20200929150222.0 | ||
| 008 | 830622s1981 ho b 001 0 spa | ||
| 040 |
_aDO-SdBNP _bspa _cBNPHU |
||
| 082 |
_a808.51 _bP348ó |
||
| 100 | 1 |
_aPaz Barnica, Edgardo _98115 |
|
| 245 | 1 | 3 |
_aLa oratoria y su función social / _cEdgardo Paz Barnica. |
| 260 |
_aTegucigalpa, Honduras : _bUniversitaria, _c1981. |
||
| 300 |
_a617 p. ; _c21 cm. |
||
| 504 | _aBibliografía: p. 601-617. | ||
| 650 | 4 |
_aOratoria _91172 |
|
| 650 | 4 |
_aRetórica _96217 |
|
| 710 | 2 |
_aUniversidad Nacional Autónoma de Honduras _98133 |
|
| 999 |
_c2418 _d2418 |
||